| 000 | 01553nam a2200181 a 4500 | ||
|---|---|---|---|
| 008 | 161215t1969 ag |||g |||| 001 0 spa d | ||
| 092 |
_c808.83 _l4 _sARL |
||
| 100 | 1 |
_aArlt, Roberto _92946 |
|
| 245 | 3 |
_aEl criador de gorilas / _cRoberto Arlt |
|
| 250 | _a1a ed. | ||
| 260 |
_aBuenos Aires: _bFabril; _c1969. |
||
| 300 | _a189 p. | ||
| 500 | _aArlt, R. (1969). El criador de gorilas. (1a ed.). Buenos Aires : Fabril. | ||
| 505 | _aEn la narrativa de Roberto Arlt, El criador de gorilas, colección de cuentos aparecidos en "Mundo Argentino" y "El Hogar" entre los años 1936 y 1937, se aparta de la linea habitual del genial creador por el marco de la acción y la temática. Inspirados en un viaje a Marruecos, Arlt ha dicho que en ellos se propuso "exaltar la maravillosa fiesta de colorido que deslumbra al turista en cuanto pone los pies allí". Pero si hasta el lenguaje arltiano varia en este libro y se impregna de sentencias orientales, si el fatalismo musulmán corre a lo largo de los relatos como irreversible fuerza, si el primitivismo de los indígenas surge como una constante que aleja al escritor del complicado intelectualismo de sus historias porteñas, si África satura la narración con sus tonos violentos, de esencial crueldad en el color y en las acciones, subsiste en toda la obra el pensamiento fundamental de Arlt: "la preocupación de sus personajes por alcanzar la felicidad y labrar en cambio la propia catástrofe". | ||
| 590 | _aDonación. Proyecto Literatura 4to libro | ||
| 655 |
_aCuentos _92945 |
||
| 942 |
_2ddc _cLIT |
||
| 999 |
_c2282 _d2282 |
||